000 00525nam a2200193Ia 4500
999 _c3441
_d3441
003 OSt
005 20200812124352.0
008 190216s9999||||xx |||||||||||||| ||und||
020 _a9788131704608
040 _coclc
082 _a547
_bBRU/O
100 _aBruice, Paula Y
_94063
245 0 _aOrganic Chemistry /
_cPaula Y Bruice
250 _a3rd Ed.
260 _bPearson Education Asia,
_aNew Delhi:
_c2008.
300 _a1268p
650 _aChemistry
942 _cBK
_2ddc
_h547
_iBRU/O
_k547
_mBRU/O